[Event "UKR-ch U12 Girls"]
[Site "Lvov"]
[Date "2019.03.25"]
[Round "7"]
[White "Manko, Mariya"]
[Black "Gryga, Daryna"]
[Result "1-0"]
[WhiteElo "1770"]
[BlackElo "1699"]
[PlyCount "55"]
[EventDate "2019.03.19"]
[EventType "tourn"]
[EventRounds "11"]
[EventCountry "UKR"]
[SourceTitle "CBM 190 Extra"]
[Source "ChessBase"]
[SourceDate "2019.07.15"]
[SourceVersion "1"]
[SourceVersionDate "2019.07.15"]
[SourceQuality "1"]

1. e4 c5 2. Nc3 d6 3. g3 Nc6 4. Bg2 Nf6 5. d3 g6 6. f4 Bg7 7. Nf3 0-0 8. 0-0 a6 9. h3 Rb8 10. Be3 b5 11. Qd2 b4 12. Ne2 a5 13. g4 Ba6 14. f5 Qb6 15. Kh1 Bb5 16. Bh6 Nxe4 17. dxe4 Bxe2 18. Bxg7 Bxf1 19. Qh6 Bxg2+ 20. Kxg2 f6 21. fxg6 hxg6 22. Qxg6 Rf7 23. Bh6+ Kh8 24. Qxf7 Rg8 25. Bf8 Rxf8 26. Qxf8+ Kh7 27. Nh4 Ne5 28. Nf5 1-0

[Event "UKR-ch U12 Girls"]
[Site "Lvov"]
[Date "2019.03.21"]
[Round "3"]
[White "Gryga, Daryna"]
[Black "Tashkinova, Sofiia"]
[Result "1-0"]
[WhiteElo "1699"]
[BlackElo "1673"]
[PlyCount "97"]
[EventDate "2019.03.19"]
[EventType "tourn"]
[EventRounds "11"]
[EventCountry "UKR"]
[SourceTitle "CBM 190 Extra"]
[Source "ChessBase"]
[SourceDate "2019.07.15"]
[SourceVersion "1"]
[SourceVersionDate "2019.07.15"]
[SourceQuality "1"]

1. e4 d6 2. d4 Nf6 3. Nc3 g6 4. Nf3 Bg7 5. Be2 0-0 6. 0-0 Nc6 7. h3 a6 8. Be3 e5 9. Qd2 Re8 10. d5 Nb8 11. Rfd1 b5 12. a3 Nbd7 13. Bd3 Nb6 14. a4 bxa4 15. Nxa4 Nxa4 16. Rxa4 Qd7 17. Rb4 Nxe4 18. Bxe4 f5 19. Ng5 fxe4 20. Nxe4 Rf8 21. Qc3 h6 22. Ra1 Qd8 23. Qc4 Kh7 24. Nd2 Rf5 25. Nb3 Rh5 26. Na5 Qg8 27. Qc6 Bxh3 28. gxh3 Rxh3 29. Qd7 Rh5 30. Qe6 Qf8 31. Rg4 g5 32. Rg3 Re8 33. Qg4 Rh4 34. Qf3 Qg8 35. Qf5+ Kh8 36. Nc6 Qxd5 37. Qf3 e4 38. Nb4 Qc4 39. Qf5 Qxb4 40. Bxg5 hxg5 41. Qxg5 Rh7 42. Qg6 Rg8 43. Kg2 e3 44. Rh1 Rxh1 45. Kxh1 Qe1+ 46. Rg1 Qxg1+ 47. Qxg1 e2 48. Qh2+ Bh6 49. Qxh6# 1-0

[Event "EU-ch U10 Girls 28th"]
[Site "Riga"]
[Date "2018.08.27"]
[Round "7"]
[White "Novikova, Daria1111"]
[Black "Gryga, Daryna"]
[Result "0-1"]
[WhiteElo "1256"]
[BlackElo "1756"]
[PlyCount "172"]
[EventDate "2018.08.20"]
[EventType "swiss"]
[EventRounds "9"]
[EventCountry "LAT"]
[SourceTitle "CBM 186 Extra"]
[Source "ChessBase"]
[SourceDate "2018.08.24"]
[SourceVersion "1"]
[SourceVersionDate "2018.08.24"]
[SourceQuality "1"]

1. d4 c5 2. e3 d5 3. Nf3 Nc6 4. b3 cxd4 5. exd4 Nf6 6. Bb2 Bf5 7. Bd3 Bxd3 8. Qxd3 e6 9. 0-0 Bd6 10. Qe2 0-0 11. Nbd2 Rc8 12. c4 h6 13. Rac1 Re8 14. Ne5 Qe7 15. f4 Nb4 16. a3 Nc6 17. b4 dxc4 18. Rxc4 Nd5 19. Ne4 Nb8 20. Nxd6 Qxd6 21. Qh5 Qe7 22. Rc5 Nd7 23. Nxd7 Qxd7 24. Qf3 b6 25. Rcc1 g6 26. Kh1 h5 27. Rg1 Qd6 28. g3 Red8 29. Qe4 Kg7 30. Rgd1 Rh8 31. Rf1 Rhd8 32. Rfd1 Kh7 33. Rf1 Re8 34. Rfd1 Red8 35. Rf1 Kg8 36. Rfe1 h4 37. Kg2 Kg7 38. Rf1 hxg3 39. hxg3 Rh8 40. Rh1 Nf6 41. Rxh8 Rxc1 42. Rg8+ Kxg8 43. Qa8+ Kg7 44. Bxc1 Qxd4 45. Qf3 Nd5 46. Qe2 Kh7 47. Bb2 Qe3 48. Qxe3 Nxe3+ 49. Kf3 Nc4 50. Bc1 Kg7 51. Ke4 Kf6 52. g4 Nd6+ 53. Kd4 Ke7 54. a4 Kd7 55. Ke5 Nc4+ 56. Kd4 Nd6 57. Ke5 Ne8 58. Bb2 a6 59. f5 f6+ 60. Kf4 gxf5 61. gxf5 exf5 62. Kxf5 Ke7 63. Bd4 b5 64. axb5 axb5 65. Bc5+ Kf7 66. Bd4 Nd6+ 67. Kf4 Ke6 68. Bc5 Nc4 69. Bd4 f5 70. Bc3 Nb6 71. Be1 Nd5+ 72. Kg3 Ke5 73. Kf3 f4 74. Bd2 Kf5 75. Be1 Nc7 76. Bd2 Ne6 77. Bc3 Ng5+ 78. Kf2 Ke4 79. Ke2 f3+ 80. Kf1 Ne6 81. Kf2 Nf4 82. Bd2 Nd3+ 83. Kf1 f2 84. Bh6 Kf3 85. Bf8 Ne5 86. Bc5 Ng4 0-1

[Event "POL-UKR m U18 10th"]
[Site "Lublin"]
[Date "2018.06.02"]
[Round "1.6"]
[White "Gryga, Daryna"]
[Black "Szczotka, Klara"]
[Result "1-0"]
[WhiteElo "1632"]
[BlackElo "1465"]
[PlyCount "101"]
[EventDate "2018.06.02"]
[EventType "team-match"]
[EventRounds "2"]
[EventCountry "POL"]
[SourceTitle "CBM 184 Extra"]
[Source "ChessBase"]
[SourceDate "2018.06.28"]
[SourceVersion "1"]
[SourceVersionDate "2018.06.28"]
[SourceQuality "1"]
[WhiteTeam "Ukraine"]
[BlackTeam "Poland"]
[WhiteTeamCountry "UKR"]
[BlackTeamCountry "POL"]

1. e4 c5 2. Nf3 a6 3. Nc3 e6 4. d4 cxd4 5. Nxd4 Qc7 6. Bd3 Nf6 7. 0-0 b5 8. Be3 Nc6 9. f4 Bb7 10. e5 Nxd4 11. exf6 Nc6 12. fxg7 Bxg7 13. Ne4 d5 14. Ng5 h6 15. Nh3 Bxb2 16. Rb1 Bc3 17. f5 e5 18. Qh5 e4 19. Be2 Nd4 20. Bd1 Qe5 21. Bf4 Qf6 22. Be3 b4 23. Nf2 Nb5 24. Ng4 Qe7 25. f6 Qe6 26. Nxh6 Bxf6 27. Bg4 Qe7 28. Rf2 Bc8 29. Rbf1 Bxg4 30. Qxg4 Rxh6 31. Bxh6 Bd4 32. Qg8+ Kd7 33. Qxa8 Bxf2+ 34. Rxf2 Qc5 35. Qb7+ Nc7 36. Bf4 e3 37. Re2 Qc4 38. Qxc7+ Qxc7 39. Bxc7 Kxc7 40. Rxe3 Kd6 41. h4 d4 42. Rd3 Ke5 43. h5 Kf5 44. Rxd4 Kg5 45. g4 f5 46. gxf5 Kxh5 47. Rxb4 Kg5 48. Rb6 Kxf5 49. Rxa6 Ke5 50. Rc6 Kd5 51. Rc8 1-0

[Event "Pardubice Czech op-D 28th"]
[Site "Pardubice"]
[Date "2017.07.27"]
[Round "7"]
[White "Drozdz, Jakub"]
[Black "Gryga, Daryna"]
[Result "1/2-1/2"]
[WhiteElo "1541"]
[BlackElo "1445"]
[PlyCount "102"]
[EventDate "2017.07.22"]
[EventType "swiss"]
[EventRounds "9"]
[EventCountry "CZE"]
[SourceTitle "CBM 179 Extra"]
[Source "ChessBase"]
[SourceDate "2017.08.23"]
[SourceVersion "1"]
[SourceVersionDate "2017.08.23"]
[SourceQuality "1"]

1. e4 c5 2. Nf3 e6 3. d4 cxd4 4. Nxd4 a6 5. Nc3 Qc7 6. Be2 b5 7. a3 Bb7 8. Be3 Nf6 9. f3 Be7 10. 0-0 0-0 11. Qe1 Nc6 12. Qg3 Qxg3 13. hxg3 Rac8 14. Nxc6 Bxc6 15. e5 Nd5 16. Nxd5 Bxd5 17. Rac1 Rc6 18. f4 Rfc8 19. c3 d6 20. exd6 Bxd6 21. Bf3 Bc5 22. Kf2 Bxf3 23. gxf3 Kf8 24. Rcd1 Ke7 25. Rd2 Rd8 26. Rxd8 Kxd8 27. Bxc5 Rxc5 28. Rd1+ Kc7 29. g4 h6 30. Ke3 Rc6 31. Ke4 Rc5 32. Rd2 Rc6 33. Rd3 Rc5 34. Rd1 Rc6 35. Ke3 Rc5 36. Rd3 Rc6 37. Rd4 Rc5 38. Ke4 Rc6 39. Rd1 Rc5 40. Rd3 Rc6 41. Rd1 Rc5 42. Ke3 Rc6 43. Rg1 Rd6 44. Rh1 Kc6 45. g5 hxg5 46. fxg5 Rd5 47. f4 g6 48. Rh7 Rf5 49. Ke4 Kc5 50. b3 Kc6 51. Rh8 Kc7 1/2-1/2